Foot: Pays Vainqueurs de la Coupe d'Asie des Nations (Mort subite) - Statistiques

Statistiques générales
  • Ce quiz a été pris 216 fois
  • Le résultat moyen est 4 sur 9
Answers on the Grid
Answers color-coded by a green-red scale on the quiz's grid according to % correct below.
Japon
Arabie Saoudite
Iran
Corée du Sud
Qatar
Israël
Koweït
Australie
Irak
Chine
Inde
Emirats Arabes Unis
Turquie
Nouvelle-Zélande
Jordanie
Mongolie
Ouzbékistan
Corée du Nord
Philippines
Thaïlande
 
Statistiques - réponses
Réponse % Correct
Japon
77%
Corée du Sud
74%
Iran
56%
Qatar
54%
Arabie Saoudite
53%
Australie
52%
Irak
22%
Israël
19%
Koweït
18%
Aucun quiz correspondant
Distribution des résultats
% des personnes avec chaque résultat
Percentile par nombre de réponses
Votre historique - résultats
Vous n’avez pas pris ce quiz